000 00618nam a2200193 i 4500
001 86858
003 ES-MaACL
005 20230906175535.0
007 t|
008 041216s1968 sp ||||1| spa d
100 1 _aKlimmer, O. R.
_968260
245 1 0 _aPlaguicidas, toxicología, sintomatología y terapia /
_cpor O.R. Klimmer ; adaptación y traducción M. Kegar ; asesoramiento, C. Rozmann.
250 _a[1ª ed.].
260 _aBarcelona :
_bOikos-Tau,
_c[1968]
300 _a162 p. ;
_c19 cm.
700 1 _aKegar, M.
_967723
700 1 _aRozman, C. (
_d1929-)
_9100259
852 _aES-MaACL
_jC-51811
_bR.66458
999 _c86858
_d86858